L'Un ne va pas sans l'Autre #2 - Statistiques

Statistiques générales
  • Ce quiz a été pris 661 fois
    603 depuis la dernière actualisation
  • Le résultat moyen est 10 sur 15
Statistiques - réponses
Les uns Les autres % Correct
Passé, Présent Futur
99%
Blanc Noir
99%
Amérique du Sud Amérique du Nord
98%
Lettonie, Estonie Lituanie
95%
Longueur, Largeur Hauteur
91%
Le Père, Le Fils Le Saint-Esprit
78%
Guinée, Guinée Equatoriale Guinée Bissau
76%
Thèse, Antithèse Synthèse
72%
Google, Amazon, Facebook Apple
63%
Spirou Fantasio
60%
Haïti République Dominicaine
52%
Victoire 1998 Victoire 2018
50%
Force, Sagesse Courage
19%
Rocheuses Gazeuses
15%
Procyon, Sirius Bételgeuse
2%
Aucun quiz correspondant
Distribution des résultats
% des personnes avec chaque résultat
Percentile par nombre de réponses
Votre historique - résultats
Vous n’avez pas pris ce quiz depuis la dernière actualisation